00607nam a2200181Ia 4500003000900000008004100009020001800050040001600068080001900084100002000103245013800123260004600261300001500307650004100322650001700363650002000380650002500400IN-BaIIA211028s9999 xx 000 0 eng d a2-88124-719-9 cIIA Library a538.3:524bGIN aGinzburg, V. L. 0aApplications of electrodynamics in theoretical physics and astrophysicscV. L. Ginzburg  aNew YorkbGordon and Breach Sciencec1989 avii, 475p. aAstronomy and astrophysics thesaurus aAstrophysics aElectrodynamics aMathematical physics